000 00500nam a2200181 4500
001 130976
003 ES-MaACL
005 20230906193906.0
007 t|
008 070214s1964 sp r ||||1| spa d
100 1 _aRock, John.
_998079
245 1 0 _aControl de natalidad /
_cJohn Rock ; traducción de R. B. Costa.
250 _a1ª. ed.
260 _aBarcelona :
_bSeix Barral,
_c1964.
300 _a195 p. ;
_c22 cm.
700 1 _aCosta, R. B.
_941075
852 _aES-MaACL
_jC-26412
_bR.55519
999 _c130976
_d130976